Episodios y personajes de la literatura /
Estudio crítico de alrededor de cincuena obras (autores y personajes) del canon literario mundial, aunque estrictamente pertenecen todas a la cultura europea, de Dante a Goethe, y en medio Boccaccio, Shakespeare y Cervantes, por citar algunos.
Na minha lista:
| Autor principal: | |
|---|---|
| Outros Autores: | |
| Formato: | Livro |
| Idioma: | espanhol |
| Publicado em: |
Barcelona, España :
Electa,
2004, c2004
|
| Colecção: | (Los Diccionarios del Arte)
|
| Assuntos: | |
| Tags: |
Sem tags, seja o primeiro a adicionar uma tag!
|
MARC
| LEADER | 00000nam^a2200000^a^4500 | ||
|---|---|---|---|
| 001 | 000301118 | ||
| 005 | 20250521000000.0 | ||
| 009 | 20260310112533.603 | ||
| 020 | |a 84-8156-369-2 | ||
| 037 | |a Acervo ITESO - Biblioteca | ||
| 041 | |a ESP | ||
| 082 | |a 703. |b DIC ELE V. 15 | ||
| 100 | |a Pellegrino, Francesca |e (autor) | ||
| 245 | 1 | 0 | |a Episodios y personajes de la literatura / |c F. Pellegrino, F. Poletti ; tr. por Juan Carlos Gentile Vitale. |
| 264 | 4 | |a Barcelona, España : |b Electa, |c 2004, c2004 | |
| 300 | |a 383 p. | ||
| 336 | |a texto |b txt |2 rdacontenido | ||
| 337 | |a sin mediación |b n |2 rdamedio | ||
| 338 | |a volumen |b nc |2 rdasoporte | ||
| 440 | 5 | |a (Los Diccionarios del Arte) | |
| 500 | |a Traducción de: Episodi e personaggi della letteratura | ||
| 520 | |a Estudio crítico de alrededor de cincuena obras (autores y personajes) del canon literario mundial, aunque estrictamente pertenecen todas a la cultura europea, de Dante a Goethe, y en medio Boccaccio, Shakespeare y Cervantes, por citar algunos. | ||
| 649 | |a XX | ||
| 650 | |a Escritores | ||
| 650 | |a Personajes Literarios | ||
| 650 | |a Literatura Europea - |x Historia y Crítica - |x Tema Principal | ||
| 650 | |a Literatura - |x Historia y Crítica | ||
| 650 | |a Literatura - |x Enciclopedias y Diccionarios - |x Tema Principal | ||
| 650 | |a Iconografía - |x Tema Principal | ||
| 650 | |a Enciclopedias y Diccionarios | ||
| 700 | |a Poletti, Federico |e (autor) | ||
| 910 | |a Fondo General | ||
| 920 | |a Impresos - Libros | ||
| 930 | |a Obras de Referencia | ||
| 905 | |a 102 | ||
| 901 | |a 0500186665 |b IT2 |c REF |i C123895 |u 20250521 | ||
| 902 | |a https://opac.biblio.iteso.mx/vufind/Record/000301118 | ||